Indira Goswami and V.S. Naipaul: (Record no. 190472)

MARC details
000 -LEADER
fixed length control field 00646nam a22001817a 4500
005 - DATE AND TIME OF LATEST TRANSACTION
control field 20220726145058.0
010 ## - LCCN (DPL NO)
LC control number ENG-133970
020 ## - INTERNATIONAL STANDARD BOOK NUMBER
International Standard Book Number 9789383252244
Terms of availability 625.00
035 ## - SYSTEM CONTROL NUMBER
System control number EN-117502
037 ## - SOURCE OF ACQUISITION
Source of stock number/acquisition DBAD/PUB
082 ## - DEWEY DECIMAL CLASSIFICATION NUMBER
Classification number 883.08
100 ## - MAIN ENTRY--PERSONAL NAME
Personal name Sharma, Pritima
245 ## - TITLE STATEMENT
Title Indira Goswami and V.S. Naipaul:
Remainder of title A Comparative Study in Historical Perspectives/
Statement of responsibility, etc Pritima Sharma
260 ## - PUBLICATION, DISTRIBUTION, ETC. (IMPRINT)
Place of publication, distribution, etc Guwahati
Name of publisher, distributor, etc EBH Publishers (india)
Date of publication, distribution, etc 2017
270 ## - ADDRESS
City Guwahati
Address 136, M.L. Nehru Road, Panbazar
Postal code 781001
Telephone number 9207045352
Electronic mail address easternbookhouse@gmail.com
300 ## - PHYSICAL DESCRIPTION
Extent xvi;124p.
Dimensions 24cm(hb)
Other physical details Index, Bibliography
942 ## - ADDED ENTRY ELEMENTS (KOHA)
Source of classification or shelving scheme Dewey Decimal Classification
Item type English Books
Classification part 883.08
Call number suffix SHA
Holdings
Withdrawn status Lost status Not for loan Collection code Home library Current library Date acquired Source of acquisition Cost, normal purchase price Full call number Barcode Copy number Cost, replacement price Koha item type
      Non-fiction Bawana Bawana 26/07/2022 DBAD/PUB 625.00 883.08 SHA EN-117502 1 625.00 English Books

© Delhi Public Library
Hit Counter
free hit counter